000 00167 a2200073 4500
020 _a9780007215270
082 _2WILL
_a641.526
245 _aEveryday eating for babies and ch
999 _c790855
_d790854
942 _w308
_xSibusiso Mabaso
_y308
_zSibusiso Mabaso